London Tube Lines - Statistics

General Stats
  • This quiz has been taken 938 times
    318 since last reset
  • The average score is 11 of 13
Answer Stats
Hint Answer % Correct
J Jubilee
96%
N Northern
94%
P Piccadilly
93%
V Victoria
93%
D District
91%
B Bakerloo
90%
C Central
90%
C Circle
90%
E Elizabeth
87%
HC Hammersmith & City
78%
M Metropolitan
74%
D DLR / Docklands Light Railway
67%
WC Waterloo & City
66%
No matching quizzes found
Score Distribution
Percent of People with Each Score
Percentile by Number Answered
Your Score History
You have not taken this quiz since the last reset